<?xml version="1.0" encoding="UTF-8"?>
<record
    xmlns:xsi="http://www.w3.org/2001/XMLSchema-instance"
    xsi:schemaLocation="http://www.loc.gov/MARC21/slim http://www.loc.gov/standards/marcxml/schema/MARC21slim.xsd"
    xmlns="http://www.loc.gov/MARC21/slim">

  <leader>00781nam a22001577a 4500</leader>
  <controlfield tag="003">OSt</controlfield>
  <controlfield tag="005">20150909161656.0</controlfield>
  <controlfield tag="008">150909b        xxu||||| |||| 00| 0 eng d</controlfield>
  <datafield tag="040" ind1=" " ind2=" ">
    <subfield code="c">RUA</subfield>
  </datafield>
  <datafield tag="082" ind1=" " ind2=" ">
    <subfield code="a">AGR &#x1794;&#x17D2;&#x179A;&#x17B6;&#x1780;&#x17CB;&#x200B; 1994 B010</subfield>
  </datafield>
  <datafield tag="100" ind1=" " ind2=" ">
    <subfield code="9">194</subfield>
    <subfield code="a">&#x1794;&#x17D2;&#x179A;&#x17B6;&#x1780;&#x17CB; &#x1785;&#x17B6;&#x1793;&#x17CB;&#x179F;&#x17C4;&#x1797;&#x17B6;</subfield>
  </datafield>
  <datafield tag="245" ind1=" " ind2=" ">
    <subfield code="a">&#x1780;&#x17B6;&#x179A;&#x179F;&#x17B7;&#x1780;&#x17D2;&#x179F;&#x17B6;&#x179A;&#x1796;&#x17B8;&#x17A2;&#x178E;&#x17D2;&#x178F;&#x17BC;&#x1784;&#x1791;&#x17B9;&#x1780;&#x178A;&#x17C2;&#x179B;&#x17A2;&#x1784;&#x17D2;&#x1782;&#x1780;&#x17B6;&#x179A;&#x17A0;&#x17D2;&#x1782;&#x17D2;&#x179A;&#x17C1;&#x178F;&#x1794;&#x17B6;&#x1793;&#x179F;&#x17D2;&#x1790;&#x17B6;&#x1794;&#x1793;&#x17B6;&#x17A1;&#x17BE;&#x1784;&#x1793;&#x17C5;&#x179F;&#x17D2;&#x179A;&#x17BB;&#x1780;&#x1794;&#x17B6;&#x1797;&#x17D2;&#x1793;&#x17C6; : &#x1780;&#x17B6;&#x179A;&#x1794;&#x17D2;&#x179A;&#x17BE;&#x1794;&#x17D2;&#x179A;&#x17B6;&#x179F;&#x17CB;&#x1780;&#x17D2;&#x1793;&#x17BB;&#x1784;&#x1796;&#x17C1;&#x179B;&#x1794;&#x1785;&#x17D2;&#x1785;&#x17BB;&#x1794;&#x17D2;&#x1794;&#x1793;&#x17D2;&#x1793;&#x1793;&#x17B7;&#x1784;&#x179B;&#x1791;&#x17D2;&#x1792;&#x1797;&#x17B6;&#x1796;&#x1780;&#x17C2;&#x179B;&#x17C6;&#x17A2;&#x1782;&#x17BB;&#x178E;&#x1797;&#x17B6;&#x1796;&#x1791;&#x17B9;&#x1780;&#x17A2;&#x178E;&#x17D2;&#x178F;&#x17BC;&#x1784;</subfield>
  </datafield>
  <datafield tag="260" ind1=" " ind2=" ">
    <subfield code="a">Phnom Penh</subfield>
    <subfield code="b">RUA</subfield>
    <subfield code="c">1994</subfield>
  </datafield>
  <datafield tag="300" ind1=" " ind2=" ">
    <subfield code="a">98p.</subfield>
    <subfield code="b">ill.</subfield>
    <subfield code="c">29cm.</subfield>
  </datafield>
  <datafield tag="942" ind1=" " ind2=" ">
    <subfield code="2">ddc</subfield>
    <subfield code="c">AGR</subfield>
  </datafield>
  <datafield tag="999" ind1=" " ind2=" ">
    <subfield code="c">174</subfield>
    <subfield code="d">174</subfield>
  </datafield>
  <datafield tag="952" ind1=" " ind2=" ">
    <subfield code="0">0</subfield>
    <subfield code="1">0</subfield>
    <subfield code="2">ddc</subfield>
    <subfield code="4">0</subfield>
    <subfield code="6">AGR_&#x1794;&#x179A;&#x17B6;&#x1780;_1994_000000000000000_B010</subfield>
    <subfield code="7">0</subfield>
    <subfield code="9">690</subfield>
    <subfield code="a">LBB</subfield>
    <subfield code="b">LBB</subfield>
    <subfield code="c">B010</subfield>
    <subfield code="d">2015-09-09</subfield>
    <subfield code="o">AGR &#x1794;&#x17D2;&#x179A;&#x17B6;&#x1780;&#x17CB;&#x200B; 1994 B010</subfield>
    <subfield code="p">RUA004386</subfield>
    <subfield code="r">2015-09-09</subfield>
    <subfield code="w">2015-09-09</subfield>
    <subfield code="y">AGR</subfield>
  </datafield>
  <datafield tag="952" ind1=" " ind2=" ">
    <subfield code="0">0</subfield>
    <subfield code="1">0</subfield>
    <subfield code="2">ddc</subfield>
    <subfield code="4">0</subfield>
    <subfield code="6">AGR_&#x1794;&#x179A;&#x17B6;&#x1780;_1994_000000000000000_B010</subfield>
    <subfield code="7">0</subfield>
    <subfield code="9">691</subfield>
    <subfield code="a">LBB</subfield>
    <subfield code="b">LBB</subfield>
    <subfield code="c">B010</subfield>
    <subfield code="d">2015-09-09</subfield>
    <subfield code="o">AGR &#x1794;&#x17D2;&#x179A;&#x17B6;&#x1780;&#x17CB;&#x200B; 1994 B010</subfield>
    <subfield code="p">RUA004387</subfield>
    <subfield code="r">2015-09-09</subfield>
    <subfield code="w">2015-09-09</subfield>
    <subfield code="y">AGR</subfield>
  </datafield>
  <datafield tag="952" ind1=" " ind2=" ">
    <subfield code="0">0</subfield>
    <subfield code="1">0</subfield>
    <subfield code="2">ddc</subfield>
    <subfield code="4">0</subfield>
    <subfield code="6">AGR_&#x1794;&#x179A;&#x17B6;&#x1780;_1994_000000000000000_B010</subfield>
    <subfield code="7">0</subfield>
    <subfield code="9">692</subfield>
    <subfield code="a">LBB</subfield>
    <subfield code="b">LBB</subfield>
    <subfield code="c">B010</subfield>
    <subfield code="d">2015-09-09</subfield>
    <subfield code="o">AGR &#x1794;&#x17D2;&#x179A;&#x17B6;&#x1780;&#x17CB;&#x200B; 1994 B010</subfield>
    <subfield code="p">RUA004388</subfield>
    <subfield code="r">2015-09-09</subfield>
    <subfield code="w">2015-09-09</subfield>
    <subfield code="y">AGR</subfield>
  </datafield>
  <datafield tag="952" ind1=" " ind2=" ">
    <subfield code="0">0</subfield>
    <subfield code="1">0</subfield>
    <subfield code="2">ddc</subfield>
    <subfield code="4">0</subfield>
    <subfield code="6">AGR_&#x1794;&#x179A;&#x17B6;&#x1780;_1994_000000000000000_B010</subfield>
    <subfield code="7">0</subfield>
    <subfield code="9">693</subfield>
    <subfield code="a">LBB</subfield>
    <subfield code="b">LBB</subfield>
    <subfield code="c">B010</subfield>
    <subfield code="d">2015-09-09</subfield>
    <subfield code="o">AGR &#x1794;&#x17D2;&#x179A;&#x17B6;&#x1780;&#x17CB;&#x200B; 1994 B010</subfield>
    <subfield code="p">RUA004389</subfield>
    <subfield code="r">2015-09-09</subfield>
    <subfield code="w">2015-09-09</subfield>
    <subfield code="y">AGR</subfield>
  </datafield>
  <datafield tag="952" ind1=" " ind2=" ">
    <subfield code="0">0</subfield>
    <subfield code="1">0</subfield>
    <subfield code="2">ddc</subfield>
    <subfield code="4">0</subfield>
    <subfield code="6">AGR_&#x1794;&#x179A;&#x17B6;&#x1780;_1994_000000000000000_B010</subfield>
    <subfield code="7">0</subfield>
    <subfield code="9">694</subfield>
    <subfield code="a">LBB</subfield>
    <subfield code="b">LBB</subfield>
    <subfield code="c">B010</subfield>
    <subfield code="d">2015-09-09</subfield>
    <subfield code="o">AGR &#x1794;&#x17D2;&#x179A;&#x17B6;&#x1780;&#x17CB;&#x200B; 1994 B010</subfield>
    <subfield code="p">RUA004390</subfield>
    <subfield code="r">2015-09-09</subfield>
    <subfield code="w">2015-09-09</subfield>
    <subfield code="y">AGR</subfield>
  </datafield>
  <datafield tag="952" ind1=" " ind2=" ">
    <subfield code="0">0</subfield>
    <subfield code="1">0</subfield>
    <subfield code="2">ddc</subfield>
    <subfield code="4">0</subfield>
    <subfield code="6">AGR_&#x1794;&#x179A;&#x17B6;&#x1780;_1994_000000000000000_B010</subfield>
    <subfield code="7">0</subfield>
    <subfield code="9">695</subfield>
    <subfield code="a">LBB</subfield>
    <subfield code="b">LBB</subfield>
    <subfield code="c">B010</subfield>
    <subfield code="d">2015-09-09</subfield>
    <subfield code="o">AGR &#x1794;&#x17D2;&#x179A;&#x17B6;&#x1780;&#x17CB;&#x200B; 1994 B010</subfield>
    <subfield code="p">RUA004392</subfield>
    <subfield code="r">2015-09-09</subfield>
    <subfield code="w">2015-09-09</subfield>
    <subfield code="y">AGR</subfield>
  </datafield>
  <datafield tag="952" ind1=" " ind2=" ">
    <subfield code="0">0</subfield>
    <subfield code="1">0</subfield>
    <subfield code="2">ddc</subfield>
    <subfield code="4">0</subfield>
    <subfield code="6">AGR_&#x1794;&#x179A;&#x17B6;&#x1780;_1994_000000000000000_B010</subfield>
    <subfield code="7">0</subfield>
    <subfield code="9">696</subfield>
    <subfield code="a">LBB</subfield>
    <subfield code="b">LBB</subfield>
    <subfield code="c">B010</subfield>
    <subfield code="d">2015-09-09</subfield>
    <subfield code="o">AGR &#x1794;&#x17D2;&#x179A;&#x17B6;&#x1780;&#x17CB;&#x200B; 1994 B010</subfield>
    <subfield code="p">RUA004398</subfield>
    <subfield code="r">2015-09-09</subfield>
    <subfield code="w">2015-09-09</subfield>
    <subfield code="y">AGR</subfield>
  </datafield>
</record>
